000 00444nam a2200193Ia 4500
003 OSt
005 20220331144138.0
008 210210b1990 xxu||||| |||| 00| 0 eng d
040 _aAL
_c
041 _aEnglish
082 _a657.45 SHAA
100 _aSHARMA (T R)
_927027
245 _aAuditing: principles and problems
250 _a9
260 _aAgra.
_bSahitya Bhavan
_c1990
300 _avi,480
906 _a048604
942 _2ddc
_cBK
999 _c97346
_d97346